| 000 | 00634nam a22001817a 4500 | ||
|---|---|---|---|
| 005 | 20251108173122.0 | ||
| 008 | 250721s9999 xx 000 0 ara d | ||
| 082 | 1 | 4 | _a811.06/حسن |
| 100 | 1 | _aالحسني، محمد بن علوي المالكي | |
| 245 | 1 | 0 | _aالمدح النبوي بين الغلو و الإنصاف / |
| 264 | 1 |
_aد.م : _bدار وهدان للطباعة و النشر، _c(200-). |
|
| 300 | _a213ص. | ||
| 490 | 0 |
_aسلسلة إيضاح مفاهيم السنة النبوية _v1 |
|
| 650 | 1 | 7 | _aالشعر العربي |
| 650 | 1 | 7 | _aالمدائح النبوية |
| 942 |
_2ddc _cBK |
||
| 999 |
_c96498 _d96498 |
||